000 00221nam a22000977a 4500
999 _c15789
_d15789
003 OSt
008 191021b ||||| |||| 00| 0 eng d
100 _aSurendran,K.
_94311
245 _aPremathey kurich pusthakam
942 _cBK